| 000 | 00866nam a22002297a 4500 | ||
|---|---|---|---|
| 999 |
_c64572 _d64572 |
||
| 005 | 20240530110738.0 | ||
| 008 | 180904s2004 ua a g b 000 0 ara d | ||
| 017 |
_bمصر. دار الكتب _a2004/14882 |
||
| 020 | _a9773274985 | ||
| 040 |
_aEG-CaGPL _cEG-CaGPL |
||
| 082 | 0 | 4 |
_221 _a218.3 \ _bف م |
| 100 | 0 | _aمحمد عبده | |
| 245 | 1 | 2 |
_aالاسلام دين العلم والمدنية / _cالشيخ محمد عبده ؛ تحقيق ودراسة تحليلية نقدية بقلم عاطف العراقى |
| 250 | _aط.4 | ||
| 260 |
_aالاسكندرية : _bدار الوفاء لدنيا الطباعة و النشر ، _c2004 . |
||
| 300 |
_a223 ص. ؛ _c24 سم. |
||
| 650 | 0 | 7 |
_aالاسلام _2qrmak |
| 650 | 0 | 7 |
_aالقران الكريم _2qrmak |
| 651 | _2qrmak | ||
| 942 |
_2ddc _cBK |
||